<?xml version="1.0" encoding="UTF-8"?>
<record
    xmlns:xsi="http://www.w3.org/2001/XMLSchema-instance"
    xsi:schemaLocation="http://www.loc.gov/MARC21/slim http://www.loc.gov/standards/marcxml/schema/MARC21slim.xsd"
    xmlns="http://www.loc.gov/MARC21/slim">

  <leader>01095nam a22002417a 4500</leader>
  <controlfield tag="003">AR-RoUNCS</controlfield>
  <controlfield tag="005">20250924145226.0</controlfield>
  <controlfield tag="008">250924t2023    ag |||||r|||| 00| fdspa d</controlfield>
  <datafield tag="020" ind1=" " ind2=" ">
    <subfield code="a">978-987-4996-90-9</subfield>
  </datafield>
  <datafield tag="040" ind1=" " ind2=" ">
    <subfield code="c">AR-RoUNCS</subfield>
  </datafield>
  <datafield tag="080" ind1=" " ind2=" ">
    <subfield code="0">82-312.6(729)</subfield>
  </datafield>
  <datafield tag="100" ind1="1" ind2=" ">
    <subfield code="a"> Gl&#xE9;sile, Robenson,</subfield>
    <subfield code="d">1985-</subfield>
    <subfield code="e">autor</subfield>
  </datafield>
  <datafield tag="245" ind1="1" ind2="0">
    <subfield code="a">Papiyon NWA :</subfield>
    <subfield code="b">relatos y experiencias de un haitiano /</subfield>
    <subfield code="c">Robenson Gl&#xE9;sile.</subfield>
  </datafield>
  <datafield tag="246" ind1="3" ind2=" ">
    <subfield code="a">Mariposa negra</subfield>
  </datafield>
  <datafield tag="250" ind1=" " ind2=" ">
    <subfield code="a">1a ed.</subfield>
  </datafield>
  <datafield tag="260" ind1=" " ind2=" ">
    <subfield code="a">C&#xF3;rdoba :</subfield>
    <subfield code="b">Quo Vadis Ediciones,</subfield>
    <subfield code="c">2023.</subfield>
  </datafield>
  <datafield tag="300" ind1=" " ind2=" ">
    <subfield code="a">132 p. ;</subfield>
    <subfield code="c">21 cm.</subfield>
  </datafield>
  <datafield tag="500" ind1=" " ind2=" ">
    <subfield code="a">Robenson Gl&#xE9;sile naci&#xF3; en Hait&#xED;, en 1985. Es activista antirracista y Defensor de los DDHH; Miembro del grupo de estudios sobre Migraciones (UNR); cofundador de la Fundaci&#xF3;n J&#xE8;n Mapou Hait&#xED; y analista de temas relacionados con su pa&#xED;s. En 2011 migr&#xF3; a Rosario, Argentina, donde reside desde entonces. Este es su primer libro de relatos, que fue declarado de "Inter&#xE9;s Municipal" por el Consejo de Rosario en el a&#xF1;o 2023.</subfield>
  </datafield>
  <datafield tag="650" ind1=" " ind2="4">
    <subfield code="a">LITERATURA HAITIANA</subfield>
  </datafield>
  <datafield tag="655" ind1=" " ind2="4">
    <subfield code="a">NOVELA </subfield>
  </datafield>
  <datafield tag="655" ind1=" " ind2="4">
    <subfield code="a">AUTOBIOGRAF&#xCD;A</subfield>
  </datafield>
  <datafield tag="942" ind1=" " ind2=" ">
    <subfield code="2">udc</subfield>
    <subfield code="c">LPD</subfield>
    <subfield code="n">0</subfield>
  </datafield>
  <datafield tag="999" ind1=" " ind2=" ">
    <subfield code="c">606</subfield>
    <subfield code="d">606</subfield>
  </datafield>
  <datafield tag="952" ind1=" " ind2=" ">
    <subfield code="0">0</subfield>
    <subfield code="1">0</subfield>
    <subfield code="2">udc</subfield>
    <subfield code="4">0</subfield>
    <subfield code="7">0</subfield>
    <subfield code="8">CG</subfield>
    <subfield code="a">ESOCIALES</subfield>
    <subfield code="b">ESOCIALES</subfield>
    <subfield code="d">2025-09-24</subfield>
    <subfield code="e">Donaci&#xF3;n de Robenson Gl&#xE9;side 2025</subfield>
    <subfield code="l">0</subfield>
    <subfield code="o">82-312.6(729)</subfield>
    <subfield code="p">001447</subfield>
    <subfield code="r">2025-09-24 14:53:26</subfield>
    <subfield code="w">2025-09-24</subfield>
    <subfield code="y">LPD</subfield>
  </datafield>
</record>
